|
|
|
|
| LEADER |
00000nab a2200000 a 4500 |
| 001 |
vtls010716222 |
| 003 |
SK-MaSNL |
| 005 |
20260304192954.0 |
| 008 |
250709s2002 xo |||||||||||||||||slo| |
| 035 |
|
|
|a (urnnbn)urn:nbn:sk:snk:ar-a04mop
|
| 035 |
|
|
|a (uuid)c7d490f5-68cc-4c3e-ab4e-84632a5aa635
|
| 035 |
|
|
|a urn:nbn:sk:snk-ab3i9q
|
| 040 |
|
|
|a SNKBUCL
|b slo
|c SNKBUCL
|e AACR2
|
| 041 |
0 |
|
|a eng
|
| 044 |
|
|
|a xo
|c SK
|
| 100 |
1 |
|
|a Kocifaj, Miroslav
|4 aut
|9 18482
|
| 245 |
1 |
0 |
|a On uncertainty of determination of particle optical thickness in atmospheric environment
|c Miroslav Kocifaj
|
| 773 |
0 |
|
|t Contributions of the Astronomical Observatory Skalnaté Pleso
|g Roč. 32, č. 1 (2002), s. [5]-24
|
| 850 |
|
|
|a Slovenská národná knižnica
|
| 852 |
|
|
|a Slovenská národná knižnica
|
| 958 |
|
|
|a article1
|
| 958 |
|
|
|a OND
|
| 958 |
|
|
|a EUIPO
|
| 999 |
|
|
|c 3064913
|d 3066843
|